[Event "ChessHouse GM December 2020"]
[Site "Aarhus"]
[Date "2020.12.05"]
[Round "9.5"]
[White "Haubro, Martin"]
[Black "Grigorian, Spartak"]
[Result "0-1"]
[WhiteElo "2434"]
[BlackElo "2433"]
[Annotator "TA"]
[PlyCount "84"]
[EventDate "2020.11.29"]
[EventType "tourn"]
[EventCountry "DEN"]
[SourceTitle "playchess.com"]
[Source "ChessBase"]
[SourceQuality "1"]

{[%evp 24,84,31,40,33,39,46,15,42,62,60,61,51,30,56,-26,110,41,61,3,25,-59,-74,-72,-61,-82,-80,-126,-116,-203,-204,-251,-123,-177,-74,-84,-55,-64,-64,-71,0,0,0,-1139,-1115,-1184,-1187,-1441,-1425,-1425,-1211,-6552,-6552,-6540,-5747,-6540,-6540,-29982,-29983,-29985,-29986,-29986,-29987]} 1. e4 c5 2. Nf3 d6 3. d4 cxd4 4. Nxd4 Nf6 5. Nc3 Nc6 6. Bg5 e6 7. Qd2 a6 8. O-O-O Bd7 9. f4 Be7 10. Nf3 b5 11. Bxf6 gxf6 12. Bd3 {Recently 12.f5 got a lot of attention.} Qb6 13. Kb1 O-O-O {B69: Sicilian: Richter-Rauzer: 7...a6 8 0-0-0 Bd7 9 f4 Be7 10 Nf3 b5 11 Bxf6.} 14. Rhe1 Kb7 15. f5 Ne5 {[#] The position is equal.} 16. Qh6 $146 ({Predecessor:} 16. Ne2 Rhg8 17. Nf4 Bf8 18. Nh5 Ng4 19. Bf1 Bh6 20. Qxd6 Qxd6 21. Rxd6 exf5 22. Nxf6 Nxf6 23. Rxf6 fxe4 24. Rxe4 {1-0 (69) Janik,I (2453)-Bashirli,N (2379) Lisbon 2020}) 16... Rdg8 17. Qh5 Rg7 18. Rd2 Qc5 19. Ne2 (19. g3 $14) 19... a5 {[#]} (19... Rxg2 $11 {keeps the balance.} 20. Nxe5 dxe5) 20. Ned4 (20. Nf4 $1 $16) 20... a4 21. fxe6 (21. Bf1 $14) 21... fxe6 $11 22. Nxe5 (22. Qh3 $11) 22... fxe5 $15 23. Nf3 b4 24. Qh6 Rhg8 25. Rc1 a3 26. c3 (26. Rcd1 $17 {was worth a try.}) 26... Rxg2 $19 {Strongly threatening ...axb2.} 27. Bf1 axb2 (27... Rf2 $19 28. Be2 {[#]} Rxf3 $1 {[%mdl 512]} 29. Bxf3 Bg5 {[%mdl 64] Double Attack, Skewer} 30. Qxh7 Bxd2 31. Qxd7+ Kb6 32. Qxe6 (32. Rd1 $2 bxc3 33. Kc2 cxb2+ 34. Kxd2 Rc8 $19) 32... axb2) 28. Rcc2 $17 Rg1 (28... R2g6 $19 {and Black stays clearly on top.} 29. Qxh7 R6g7) 29. Nxg1 Rxg1 30. Qh3 Bb5 31. c4 $1 {[%cal Rc4b5]} Bxc4 (31... Ba4 $17 32. Kxb2 Bxc2 33. Kxc2 Bd8) 32. Kxb2 $11 d5 $1 $36 {[%mdl 2048] Black is more active.} ({Reject} 32... Rxf1 33. Qxf1 Bxf1 34. Rxc5 $14) 33. Rc1 $2 {[%mdl 8192]} (33. Bxc4 $11 dxc4 34. Rd7+ Kb8 35. Qxe6 {[%mdl 64] Double Attack}) 33... Rxf1 $19 {[%mdl 64] Overworked Piece} 34. Rxf1 Bxf1 35. Qxf1 {[%mdl 4096] Endgame KQR-KQB} Qc3+ {[%mdl 64] Double Attack} 36. Kb1 Qxd2 37. Qb5+ Kc7 38. Qa5+ Kc6 39. Qa6+ Kc5 40. Qa7+ {[#]} Kc4 $1 {Black mates.} 41. Qxe7 Kd3 42. Qc5 Qe1+ {Accuracy: White = 50%, Black = 60%.} 0-1